000 00427cam a2200181ua 4500
020 _c10.60
041 _aeng
_h
082 _a823.308
_bCON/LO
100 _aConrad, Joseph .
245 _aLord Jim /
_cJoseph Conrad.
_hTextual Documents
250 _a1 /
_b.
260 _aLondon :
_bJ M Dent and Sons Ltd ,
_c1961.
300 _a807 ; .
365 _a10.60
504 _a
942 _cBK
999 _c11695
_d11695